[Event "tupiniquim"]
[Site "http://www.queenalice.com/game.php?id=63378"]
[Date "2006.4.15"]
[Round "-"]
[White "valdir"]
[Black "miseriapopular"]
[Result "1-0"]
[WhiteElo "1842"]
[BlackElo "1691"]

1. e4 e5 2. Nf3 Nc6 3. b3 Bc5 4. Bb2 d6 5. h3 Qf6 6. Bb5 Bd7 7. d3 Nd4 8. Bxd7+
Kxd7 9. Nxd4 Bxd4 10. Bxd4 exd4 11. Nd2 d5 12. Qg4+ Kd8 13. exd5 Nh6 14. Qf3
Re8+ 15. Kd1 Qxf3+ 16. Nxf3 Nf5 17. Kd2 Ne7 18. Nxd4 Nxd5 19. g3 Kd7 20. h4 Re7
21. Rae1 Rae8 22. Rxe7+ Rxe7 23. Nf5 Re5 24. Nxg7 Nb4 25. a3 Nc6 26. Re1 Rd5 27.
Re3 Nd4 28. Ne8 Rf5 29. f4 Ne6 30. Nxc7 Nxc7 31. Re4 Ra5 32. a4 f5 33. Rd4+ Rd5
34. Rb4 Kc8 35. Rc4 h5 36. b4 Rd6 37. Rc5 Rf6 38. a5 Kd7 39. c3 Kd6 40. d4 b6
41. axb6 axb6 42. Re5 Rf8 43. c4 Na6 44. c5+ bxc5 45. bxc5+ Kd7 46. Rd5+ Kc6 47.
Rd6+ Kb7 48. Rh6 Rg8 49. Rxh5 Rxg3 50. Rxf5 Rg4 51. h5 Rh4 52. Ke3 Nb4 53. Ke4
Rh1 54. Ke5 Re1+ 55. Kd6 Rh1 56. d5 Rd1 57. h6 Rh1 58. c6+ Kb6 59. Rf6 Rh2 60.
c7 Kb7 61. Kc5 Nxd5 62. Kxd5 Kxc7 63. Rf7+ Kb6 64. h7 1-0

[Event "Challenge"]
[Site "http://www.queenalice.com/game.php?id=63564"]
[Date "2006.4.16"]
[Round "-"]
[White "marcos"]
[Black "valdir"]
[Result "0-1"]
[WhiteElo "1565"]
[BlackElo "1817"]

1. e4 e5 2. Nf3 d6 3. d4 exd4 4. Qxd4 a6 5. h3 Nc6 6. Qd1 Be7 7. b3 Bf6 8. c3
Be6 9. a3 Na5 10. Nfd2 Bg5 11. Nc4 Nxc4 12. bxc4 c5 13. Bxg5 Qxg5 14. Qxd6 Rd8
15. Qc7 Qc1+ 16. Ke2 Bxc4+ 17. Kf3 Bxf1 18. Qe5+ Ne7 19. Qxg7 Rg8 20. Qf6 Bxg2+
21. Ke2 Qb2+ 22. Nd2 Qxd2# 0-1

[Event "tupiniquim"]
[Site "http://www.queenalice.com/game.php?id=68402"]
[Date "2006.5.11"]
[Round "-"]
[White "valdir"]
[Black "Alcar"]
[Result "1-0"]
[WhiteElo "1823"]
[BlackElo "1675"]

1. d3 d5 2. e3 e5 3. e4 dxe4 4. dxe4 f5 5. exf5 Bxf5 6. Qh5+ g6 7. Qd1 Qxd1+ 8.
Kxd1 Nc6 9. Bb5 Bc5 10. Bxc6+ bxc6 11. f3 O-O-O+ 12. Bd2 Ne7 13. Ne2 Nd5 14. Kc1
Ne3 15. g4 Bxc2 16. Bxe3 Bxe3+ 17. Kxc2 Rd5 18. Nec3 Rc5 19. Rd1 Rf8 20. b4 Rc4
21. Kb3 Rd4 22. Rf1 Kb7 23. a4 Rb8 24. a5 a6 25. Re1 Bf4 26. Re2 c5 27. bxc5
Kc6+ 28. Kc2 Kxc5 29. Ne4+ Kc6 30. Ra3 Kd5 31. Nf6+ Ke6 32. Nxh7 Rc4+ 33. Nc3
Kf7 34. h4 Kg7 35. Ng5 Kf6 36. Nh3 Bg3 37. h5 g5 38. Kd3 Rd4+ 39. Kc2 c5 40.
Ne4+ Ke7 41. Nxg3 1-0

[Event "tupiniquim"]
[Site "http://www.queenalice.com/game.php?id=68403"]
[Date "2006.5.11"]
[Round "-"]
[White "valdir"]
[Black "marison"]
[Result "0-1"]
[WhiteElo "1852"]
[BlackElo "1659"]

1. e4 e5 2. Bb5 a6 3. Bc4 Nf6 4. d3 Nc6 5. Bd2 Bc5 6. c3 d6 7. h3 Qe7 8. Bg5 h6
9. Bh4 g5 10. Bg3 h5 11. h4 g4 12. Ne2 Be6 13. Bxe6 Qxe6 14. b4 Bb6 15. Nd2 d5
16. a4 dxe4 17. dxe4 O-O-O 18. Qc2 Rxd2 19. Qxd2 Nxe4 20. Qd3 f5 21. b5 Nb8 22.
bxa6 Nxa6 23. a5 Rd8 24. Qb1 Bc5 25. O-O Nd2 26. Qc2 Nxf1 27. Rxf1 f4 28. Bxf4
exf4 29. Nxf4 Qf7 30. g3 Bd6 31. Ng2 Nc5 32. Rb1 Rf8 33. Qb2 Qd5 34. Qb5 Qc6 35.
Qc4 Ne4 36. Qe6+ Kb8 37. Rf1 Bc5 38. Qxc6 bxc6 39. Nf4 Rf5 40. c4 Bd6 41. Ne2
Bc5 42. Nf4 Nd2 43. Rc1 Ba7 44. Rc2 Nf3+ 45. Kf1 Rxa5 46. Rb2+ Kc8 47. Re2 Rc5
48. Ra2 Bb6 49. Rc2 Re5 50. Re2 Rc5 51. Rc2 Ba5 52. Nd3 Rf5 53. c5 Rd5 54. Ke2
Nd4+ 55. Kd1 Nxc2 56. Kxc2 Kd7 57. f4 gxf3 58. Nf4 Rxc5+ 59. Kb3 f2 60. Nh3 f1=Q
61. Ng5 Qd3+ 62. Kb2 Bc3+ 63. Ka2 Qc2+ 64. Ka3 Ra5# 0-1

[Event "tupiniquim"]
[Site "http://www.queenalice.com/game.php?id=68404"]
[Date "2006.5.11"]
[Round "-"]
[White "valdir"]
[Black "Marcelo"]
[Result "0-1"]
[WhiteElo "1803"]
[BlackElo "1638"]

1. e4 e5 2. b3 Bc5 3. Nf3 d6 4. d3 h6 5. h3 Nf6 6. Be2 O-O 7. Bd2 Nc6 8. Nh2 Nd4
9. g4 Nxe2 10. Qxe2 Bd4 11. c3 Bb6 12. g5 Nh7 13. gxh6 g6 14. Nf3 f5 15. exf5
Rxf5 16. Na3 Qf8 17. Qe4 Rxf3 18. Qxg6+ Kh8 19. O-O-O Bf5 20. Qg7+ Qxg7 21.
hxg7+ Kxg7 22. Rhg1+ Kf6 23. Be3 Bxe3+ 24. fxe3 Rxe3 25. Kc2 Rxh3 26. Rgf1 Rg8
27. Rd2 Ke6 28. Rff2 Ng5 29. Nb5 Rg7 30. Nxa7 Nf3 31. Rde2 d5 32. Re3 Nd4+ 33.
Kd2 Rxe3 34. Kxe3 Rg3+ 35. Kd2 Rxd3+ 36. Ke1 Rxc3 37. Rb2 e4 38. Kd2 Rd3+ 39.
Kc1 e3 40. a4 e2 41. Rxe2+ Nxe2+ 42. Kc2 d4 43. Nb5 Rh3+ 44. Kb2 d3 45. Nxc7+
Kd7 46. Nd5 d2 47. Nb6+ Kc6 48. Nc4 d1=Q 49. Na5+ Kb6 50. Nc4+ Kc5 51. a5 Qxb3+
52. Ka1 Qb1# 0-1

[Event "sáo paulo"]
[Site "http://www.queenalice.com/game.php?id=74680"]
[Date "2006.6.6"]
[Round "-"]
[White "valdir"]
[Black "chessyca"]
[Result "1-0"]
[WhiteElo "1833"]
[BlackElo "1667"]

1. e4 d6 2. Bc4 Nf6 3. Nc3 g6 4. h3 Nxe4 5. Bxf7+ Kxf7 6. Nxe4 Bg7 7. Ng5+ Kg8
8. Qe2 e5 9. Ne4 d5 10. Ng3 Nc6 11. c3 Be6 12. Qb5 Rb8 13. N1e2 Qd7 14. Qa4 h6
15. Qc2 Rf8 16. b3 Kh7 17. f3 Rf7 18. Bb2 Rhf8 19. Ba3 Rd8 20. Bb2 1-0

[Event "sáo paulo"]
[Site "http://www.queenalice.com/game.php?id=74684"]
[Date "2006.6.6"]
[Round "-"]
[White "valdir"]
[Black "VICSAR"]
[Result "1/2-1/2"]
[WhiteElo "1827"]
[BlackElo "1624"]

1. e4 g6 2. e5 Bg7 3. Nf3 c6 4. Bc4 d6 5. exd6 exd6 6. Qe2+ Ne7 7. c3 Bg4 8. d4
d5 9. Bd3 O-O 10. h3 Be6 11. Bf4 Qb6 12. Bd6 Re8 13. Ng5 Bd7 14. Bf4 Bf5 15.
Bxf5 gxf5 16. O-O Nd7 17. Qh5 Nf6 18. Qe2 Ng6 19. Qc2 Ne4 20. Nxe4 Rxe4 21. Bg3
Rae8 22. Nd2 Re2 23. b4 f4 24. Bh2 Bh6 25. f3 Qc7 26. Rad1 Qe7 27. Kh1 Qg5 28.
Rg1 Nh4 29. g4 Qe7 30. Qd3 Re3 31. Qf1 Rxc3 32. Qf2 Ng6 33. Rge1 Qf8 34. Rxe8
Qxe8 35. h4 Qe3 36. Qxe3 Rxe3 37. Nb3 Nxh4 38. Nd2 Nxf3 39. Nf1 Re2 40. a3 Ng5
41. Bxf4 Ne4 42. Bg3 Bf4 43. Bh4 Kg7 44. Kg1 Kg6 45. Ra1 f5 46. gxf5+ Kxf5 47.
a4 Kg4 48. Be1 h5 49. b5 Kf3 50. bxc6 bxc6 51. a5 Rg2+ 52. Kh1 Nf2+ 53. Bxf2
Rxf2 54. Kg1 h4 55. Rc1 Be3 56. Nxe3 Kxe3 57. Rxc6 Ra2 58. Ra6 h3 59. Rxa7 Kxd4
60. a6 Kc5 61. Ra8 d4 62. Rc8+ Kb6 63. Rd8 Rxa6 64. Rxd4 Ra2 65. Rh4 h2+ 1/2-1/2

[Event "sáo paulo"]
[Site "http://www.queenalice.com/game.php?id=87173"]
[Date "2006.7.18"]
[Round "-"]
[White "valdir"]
[Black "jfox"]
[Result "1-0"]
[WhiteElo "1780"]
[BlackElo "1510"]

1. e4 e5 2. Qh5 Qf6 3. b3 g6 4. Qd1 Bc5 5. Nf3 d6 6. h3 Nc6 7. Nc3 Nd4 8. Nd5
Qd8 9. Bc4 c6 10. Ne3 b5 11. Bd3 Be6 12. Nh2 h5 13. c3 Nxb3 14. axb3 Bxe3 15.
dxe3 Ne7 16. Nf3 O-O 17. Ng5 Bd7 18. f4 f6 19. Nf3 a6 20. Ba3 c5 21. Nh4 Kg7 22.
f5 g5 23. Nf3 Rh8 24. h4 g4 25. Nd2 Bc6 26. b4 c4 27. Be2 Qb6 28. Kf2 Rhg8 29.
g3 Rgd8 30. Qc2 Rd7 31. Rhb1 d5 32. exd5 Bxd5 33. Rd1 Rad8 34. Ne4 Bxe4 35. Qxe4
Nd5 36. Bb2 Rd6 37. Re1 Kf8 38. Rec1 Ke7 39. Ra5 Nc7 40. Rc2 Rd5 41. Bc1 Qd6 42.
Raa2 Ne8 43. Rd2 Qc6 44. Rxd5 Rxd5 45. Qc2 Qd7 46. e4 Rd6 47. Be3 Nc7 48. Bc5
Qc6 49. Bxd6+ Qxd6 50. Ra1 Qb6+ 51. Kg2 Qc6 52. Rd1 Ne8 53. Bf1 Nd6 54. Kh2 Nxe4
55. Bg2 1-0

[Event "sáo paulo,"]
[Site "http://www.queenalice.com/game.php?id=113997"]
[Date "2006.10.6"]
[Round "-"]
[White "valdir"]
[Black "coquin"]
[Result "1-0"]
[WhiteElo "1859"]
[BlackElo "1687"]

1. e4 e5 2. Nf3 Nc6 3. Bb5 a6 4. Bxc6 dxc6 5. d3 h6 6. Nxe5 Nf6 7. a3 Bc5 8. h3
O-O 9. Nd2 Qd4 10. Qf3 Qxe5 11. g4 Be6 12. c4 b5 13. Rb1 Rad8 14. b3 b4 15. a4
a5 16. Ke2 Qg5 17. Nf1 Qh4 18. Nh2 Nd7 19. Bf4 Bd6 20. d4 f6 21. Bxd6 cxd6 22.
Qg2 Qg5 23. Nf3 Qf4 24. Nh4 Qg5 25. Qg3 d5 26. f4 Qxh4 27. Qxh4 dxc4 28. bxc4
Bxc4+ 29. Ke3 Nb6 30. Rhc1 Ba2 31. Ra1 Nc4+ 32. Kd3 b3 33. Rxa2 bxa2 34. Kxc4
Rb8 35. Qe1 Rb4+ 36. Kc5 Rxa4 37. Ra1 Rd8 38. Qd2 Rb8 39. Rxa2 1-0

[Event "tupiniquim    "]
[Site "http://www.queenalice.com/game.php?id=113999"]
[Date "2006.10.6"]
[Round "-"]
[White "valdir"]
[Black "adrianabarros123"]
[Result "1-0"]
[WhiteElo "1819"]
[BlackElo "1840"]

1. e4 c5 2. Bb5 a6 3. Bc4 e6 4. b3 b5 5. Bf1 Bb7 6. d3 Nc6 7. Nf3 Be7 8. Bb2 Nf6
9. e5 Nd5 10. Nbd2 O-O 11. h4 Qa5 12. c4 Nf4 13. a3 f6 14. exf6 Bxf6 15. Bxf6
Rxf6 16. g3 Nd4 17. Nxd4 Bxh1 18. gxf4 cxd4 19. Qg4 1-0

[Event "sáo paulo,"]
[Site "http://www.queenalice.com/game.php?id=114001"]
[Date "2006.10.6"]
[Round "-"]
[White "valdir"]
[Black "amore"]
[Result "1-0"]
[WhiteElo "1855"]
[BlackElo "1641"]

1. e4 c5 2. Bb5 g6 3. e5 Bg7 4. Nf3 a6 5. Bc4 d6 6. exd6 exd6 7. h3 Nc6 8. O-O
Nge7 9. a3 Qb6 10. c3 d5 11. Bb3 O-O 12. Bc2 Ne5 13. b4 cxb4 14. axb4 Be6 15.
Nxe5 Bxe5 16. d4 Bc7 17. Bh6 Rfe8 18. Ba4 Qd6 19. f4 Red8 20. Bg5 b5 21. Bc2 f5
22. Na3 Rdb8 23. Qe2 Kg7 24. Rae1 Kf7 25. Rf3 Bd8 26. Re3 Rb6 27. h4 Ng8 28. g3
Bxg5 29. hxg5 Re8 30. Bd3 h6 31. gxh6 Nxh6 32. Qh2 Kg7 33. Be2 Rh8 34. Qf2 Ng4
35. Bxg4 Bd7 36. Bf3 g5 37. Re7+ Kg6 38. fxg5 Kxg5 39. Qe3+ f4 40. Re5+ Kg6 41.
Qxf4 Qf6 42. Bxd5 Qxf4 43. gxf4 Rh5 44. Bf7+ 1-0

[Event "sáo paulo,"]
[Site "http://www.queenalice.com/game.php?id=114002"]
[Date "2006.10.6"]
[Round "-"]
[White "valdir"]
[Black "Number9"]
[Result "0-1"]
[WhiteElo "1868"]
[BlackElo "2193"]

1. e4 e5 2. Nf3 Nc6 3. Bb5 Nd4 4. Nxd4 exd4 5. b3 Qg5 6. Qf3 Qxb5 7. Bb2 Qe5 8.
Qd3 d5 9. Bxd4 Qxe4+ 10. Qxe4+ dxe4 11. O-O Bf5 12. Re1 O-O-O 13. Bxa7 b6 14. h3
Kb7 15. Bxb6 cxb6 16. a3 Nf6 17. c4 Bc5 18. Ra2 e3 19. dxe3 Bxb1 20. Rxb1 Rd7
21. b4 Be7 22. c5 bxc5 23. bxc5+ Kc6 24. Rc1 Rb8 25. a4 Ra7 26. f3 Ra5 27. e4
Rxc5 28. Re1 Ra5 29. g4 Rb4 30. Rea1 Nd7 31. Kg2 Nc5 32. Rc1 Rbxa4 33. Rac2 Ra2
34. Kg3 Rxc2 35. Rxc2 Ra3 36. Re2 Bd6+ 37. Kg2 Ne6 38. Rc2+ Kd7 39. h4 Rxf3 40.
Ra2 Rg3+ 41. Kf2 Rxg4 42. Ra7+ Nc7 43. Kf3 Rxh4 44. Ra8 Nxa8 45. e5 f5 46. exd6
Kxd6 47. Kg3 Rg4+ 48. Kh3 Ke5 49. Kh2 Kf4 50. Kh3 Ke3 51. Kh2 Kf2 52. Kh3 Nc7
53. Kh2 Rh4# 0-1

[Event "sáo paulo,"]
[Site "http://www.queenalice.com/game.php?id=114003"]
[Date "2006.10.6"]
[Round "-"]
[White "valdir"]
[Black "renard77"]
[Result "1-0"]
[WhiteElo "1848"]
[BlackElo "1727"]

1. e4 Nc6 2. d4 e5 3. d5 Nce7 4. Nf3 Ng6 5. a3 Bc5 6. Bg5 f6 7. Bd2 a6 8. h3 d6
9. Nh2 N8e7 10. Be2 O-O 11. Bd3 f5 12. Nf3 f4 13. Ba5 Kh8 14. Qe2 b6 15. Bd2 b5
16. Ba5 Ng8 17. h4 Bg4 18. Nbd2 Nf6 19. Qf1 h6 20. Be2 Nh5 21. Kd1 Rc8 22. Kc1
Bb6 23. Bxb6 cxb6 24. c3 Nf6 25. Kd1 Nh5 26. Ng5 Bxe2+ 27. Qxe2 f3 28. Ngxf3
Nhf4 29. Qf1 Qc7 30. h5 Ne7 31. g3 Nfxd5 32. exd5 Nxd5 33. Qd3 Nf6 34. Kc2 Ng4
35. Ne4 Qc6 36. Nh4 Kg8 37. f3 Nf6 38. Ng6 Rf7 39. Nxf6+ gxf6 40. Qe3 Kg7 41. g4
d5 42. Rac1 d4 43. Qd3 Rd7 44. Qe4 d3+ 45. Kd2 Qc5 46. Rhf1 Rcd8 47. f4 Rd5 48.
fxe5 Rxe5 49. Nxe5 Qxe5 50. Qg6+ 1-0

[Event "sampa"]
[Site "http://www.queenalice.com/game.php?id=114007"]
[Date "2006.10.6"]
[Round "-"]
[White "valdir"]
[Black "gvbarbosa"]
[Result "1-0"]
[WhiteElo "1789"]
[BlackElo "1790"]

1. e4 c5 2. Bb5 a6 3. Bc4 d6 4. b3 g6 5. Bb2 Nf6 6. Bxf6 exf6 7. Bd5 Bg7 8. c3
O-O 9. Qf3 Nd7 10. Qe2 Ne5 11. h3 Rb8 12. Na3 f5 13. Nf3 Nxf3+ 14. Qxf3 fxe4 15.
Bxe4 Be6 16. O-O Qd7 17. Rad1 b5 18. Bc2 d5 19. Nb1 Rbc8 20. Rc1 a5 21. Qf4 b4
22. c4 dxc4 23. bxc4 Rfd8 24. d3 1-0

[Event "sáo paulo,"]
[Site "http://www.queenalice.com/game.php?id=114008"]
[Date "2006.10.6"]
[Round "-"]
[White "valdir"]
[Black "ak_9105"]
[Result "0-1"]
[WhiteElo "1865"]
[BlackElo "1905"]

1. b3 d5 2. e3 e5 3. Qh5 Nc6 4. Bb5 Bd6 5. Bxc6+ bxc6 6. Bb2 Nf6 7. Qe2 a5 8. a4
Bg4 9. Qd3 Qd7 10. Qf1 O-O 11. h3 Bf5 12. d3 Rfb8 13. Qe2 Bb4+ 14. Kf1 Qd6 15.
g4 Bc8 16. Qd1 Ba6 17. Ne2 e4 18. d4 Qd7 19. Bc1 h5 20. gxh5 Qf5 21. Bd2 Qf3 22.
Rg1 Qxh3+ 23. Ke1 Bd6 24. Bxa5 Bxe2 25. Qxe2 Rxa5 26. Nd2 Nxh5 27. Nf1 c5 28.
Qd2 cxd4 29. exd4 Bb4 30. c3 Bxc3 31. Ne3 Bxd2+ 32. Kxd2 Rxb3 33. Ra2 Rxe3 34.
Rc2 Rd3+ 35. Ke1 e3 36. Rxc7 exf2+ 37. Kxf2 Qf3+ 38. Ke1 Rd1# 0-1

[Event "hermanos"]
[Site "http://www.queenalice.com/game.php?id=114009"]
[Date "2006.10.6"]
[Round "-"]
[White "valdir"]
[Black "trono"]
[Result "1-0"]
[WhiteElo "1805"]
[BlackElo "1688"]

1. b3 c5 2. Bb2 d5 3. d4 Nf6 4. dxc5 Qa5+ 5. c3 Qxc5 6. Nd2 e6 7. e3 Nc6 8. b4
Qb6 9. Bd3 Bd7 10. a4 Be7 11. a5 Qc7 12. Ne2 Ne5 13. Bc2 O-O 14. Ng3 b6 15. Qe2
Bxb4 16. axb6 axb6 17. cxb4 Qxc2 18. Bxe5 Rxa1+ 19. Bxa1 Qc1+ 20. Qd1 Qxd1+ 21.
Kxd1 Ra8 22. Ke2 Bb5+ 23. Kf3 e5 24. Bxe5 Nd7 25. Bd6 Ra3 26. Rc1 h6 27. Nf5 h5
28. Ne7+ Kh7 29. Nxd5 g5 30. g4 h4 31. Ne4 Ne5+ 32. Bxe5 Ra2 33. Ndc3 1-0

[Event "sáo paulo"]
[Site "http://www.queenalice.com/game.php?id=143123"]
[Date "2006.12.18"]
[Round "-"]
[White "valdir"]
[Black "tesselizaga"]
[Result "1-0"]
[WhiteElo "1844"]
[BlackElo "1814"]

1. e4 c5 2. Bc4 d6 3. Qf3 e6 4. b3 Nf6 5. Bb2 Be7 6. e5 dxe5 7. Bxe5 O-O 8. h4
Nc6 9. Bc3 a6 10. g4 Nd5 11. Bxd5 Qxd5 12. Qxd5 exd5 13. f3 d4 14. Bb2 Re8 15.
Kd1 Ne5 16. d3 b5 17. Nd2 Bb7 18. Ne4 Bxe4 19. dxe4 Bd6 20. Ke2 Ng6 21. Kf2 Bf4
22. Bc1 Rac8 23. h5 Bxc1 24. hxg6 Be3+ 25. Ke2 fxg6 26. Nh3 c4 27. b4 Rf8 28. c3
Bf4 29. Nxf4 Rxf4 30. cxd4 h6 31. Rac1 Rcf8 32. Rc3 g5 33. Rh3 Kf7 34. Ke3 Ke6
35. Ra3 Ra8 36. Rc3 a5 37. bxa5 Rxa5 38. a3 Rf8 39. Rh1 Rc8 40. Rh2 Rca8 41. Ra2
Rc8 42. Rf2 Rca8 43. Ra2 Rc8 44. Rac2 Rca8 45. f4 gxf4+ 46. Kxf4 Rxa3 47. d5+
Kd6 48. Kf5 R3a7 49. Rd2 Rf8+ 50. Kg6 Rf4 51. e5+ Kxe5 52. Re3+ Re4 53. Rg3 Rd7
54. g5 Rxd5 55. Rdg2 hxg5 56. Rxg5+ Kd6 57. R5g3 Re7 58. Rh2 Kc5 59. Rhg2 1-0

[Event "sáo paulo"]
[Site "http://www.queenalice.com/game.php?id=143127"]
[Date "2006.12.18"]
[Round "-"]
[White "valdir"]
[Black "mario"]
[Result "0-1"]
[WhiteElo "1862"]
[BlackElo "1823"]

1. e4 e5 2. Nf3 Nc6 3. b3 Nf6 4. d3 Be7 5. Bd2 d5 6. exd5 Nxd5 7. h3 b5 8. Be2
a6 9. Nc3 Be6 10. Qc1 h6 11. Qb2 Bf6 12. Ne4 Qe7 13. c3 Rb8 14. b4 Nb6 15. Bd1
Bf5 16. Nxf6+ Qxf6 17. Bc2 Rd8 18. Be3 Nd5 19. Bd2 O-O 20. O-O-O Rfe8 21. Rdf1
Qg6 22. Nh4 Qf6 23. Nxf5 Qxf5 24. d4 Qd7 25. dxe5 Rxe5 26. f4 Re2 27. g4 Nb6 28.
Be1 Nc4 29. Qb3 a5 30. bxa5 N6xa5 31. Qb4 Ne3 32. Bb3 Nxb3+ 33. Qxb3 Nxf1 34.
Rxf1 Qd3 35. h4 Rde8 36. Qd1 Qxd1+ 37. Kxd1 Rxa2 38. Bd2 Rd8 39. Rf2 c5 40. g5
h5 41. Rh2 b4 42. cxb4 cxb4 43. Kc1 b3 44. Re2 Rc8+ 45. Kb1 Rcc2 46. Re8+ Kh7
47. Bb4 Rh2 48. Re1 Rxh4 49. Rf1 Kg6 0-1

[Event "Challenge"]
[Site "http://www.queenalice.com/game.php?id=152781"]
[Date "2007.1.11"]
[Round "-"]
[White "valdir"]
[Black "CampbellMarcel"]
[Result "1-0"]
[WhiteElo "1853"]
[BlackElo "400"]

1. e4 d5 2. e5 Be6 3. d4 f6 4. Qh5+ Bf7 5. Qe2 fxe5 6. dxe5 e6 7. Qb5+ c6 8.
Qxb7 Nd7 9. Qxc6 a6 10. Nf3 Ne7 11. Qa4 Qc8 12. Bd3 Nc6 13. a3 Bc5 14. Qf4 g6
15. b4 Be7 16. Bb2 O-O 17. Nbd2 1-0

[Event "Challenge"]
[Site "http://www.queenalice.com/game.php?id=152782"]
[Date "2007.1.11"]
[Round "-"]
[White "CampbellMarcel"]
[Black "valdir"]
[Result "0-1"]
[WhiteElo "1023"]
[BlackElo "1851"]

1. e4 e5 2. Nf3 d6 3. d4 Bg4 4. d5 h6 5. c3 a6 6. Nbd2 Be7 7. Be2 Nd7 8. O-O Bh4
9. Nxh4 Bxe2 10. Qxe2 Qxh4 0-1

[Event "Challenge"]
[Site "http://www.queenalice.com/game.php?id=189808"]
[Date "2007.3.30"]
[Round "-"]
[White "val_si"]
[Black "valdir"]
[Result "1-0"]
[WhiteElo "1953"]
[BlackElo "1859"]

1. e4 c5 2. Bc4 e5 3. Nf3 d6 4. h3 a6 5. b3 Be6 6. Bxe6 fxe6 7. Bb2 Nc6 8. Bc3
b5 9. O-O b4 10. Bb2 h6 11. d3 Be7 12. Nbd2 Na5 13. a3 h5 14. c4 Bh4 15. a4 Nxb3
16. Nxb3 Qa5 17. Nxa5 Ne7 18. Nxh4 O-O-O 19. g3 g5 20. Ng2 Rdg8 21. Qd2 Ng6 22.
Qxg5 h4 23. g4 Nf4 24. Nxf4 exf4 25. Qxf4 Rf8 26. Qxd6 Rd8 27. Qxe6+ Kb8 28. f3
Rhe8 29. Qh6 Rh8 30. Qd2 Rh7 31. Nc6+ Kb7 32. Na5+ Kc7 33. Be5+ Kb6 34. Nb3 a5
35. Bf6 Rf8 36. Bg5 Rhf7 37. Bxh4 Rxf3 38. Rxf3 Rxf3 39. Rf1 Rxf1+ 40. Kxf1 Kc7
41. Qh6 Kb7 42. Nxc5+ Kc7 43. Nd7 Kxd7 44. Be7 Kxe7 45. d4 b3 46. Qb6 b2 47.
Qxb2 Kd6 48. e5+ Ke6 49. g5 Kf5 50. d5 Kxg5 51. Qb5 Kf5 52. Qxa5 Kxe5 53. c5
Kxd5 54. h4 Ke5 55. Qc7+ Kd5 56. Qh2 Kxc5 57. a5 Kb5 58. h5 Kxa5 59. h6 Kb6 60.
h7 Kc5 61. Qe5+ Kc6 62. h8=Q Kb6 63. Qh6+ Kb7 64. Qed6 Ka7 65. Qh7+ Ka8 66. Qa3+
Kb8 67. Qb3+ Kc8 68. Qc4+ Kd8 69. Qd5+ Kc8 70. Qe6+ Kb8 71. Qd6+ Ka8 72. Qc6+
1-0